Doing a successful research project : (Record no. 173284)
[ view plain ]
| 000 -LEADER | |
|---|---|
| fixed length control field | 02157cam a2200361 i 4500 |
| 001 - CONTROL NUMBER | |
| control field | 18148179 |
| 003 - CONTROL NUMBER IDENTIFIER | |
| control field | Nust |
| 005 - DATE AND TIME OF LATEST TRANSACTION | |
| control field | 20180117090021.0 |
| 008 - FIXED-LENGTH DATA ELEMENTS--GENERAL INFORMATION | |
| fixed length control field | 140512s2014 nyua b 001 0 eng |
| 010 ## - LIBRARY OF CONGRESS CONTROL NUMBER | |
| LC control number | 2014017558 |
| 020 ## - INTERNATIONAL STANDARD BOOK NUMBER | |
| International Standard Book Number | 9781137306425 |
| 040 ## - CATALOGING SOURCE | |
| Original cataloging agency | DLC |
| Language of cataloging | eng |
| Transcribing agency | DLC |
| Description conventions | rda |
| Modifying agency | DLC |
| 042 ## - AUTHENTICATION CODE | |
| Authentication code | pcc |
| 050 00 - LIBRARY OF CONGRESS CALL NUMBER | |
| Classification number | H62 |
| Item number | .D2543 2014 |
| 082 00 - DEWEY DECIMAL CLASSIFICATION NUMBER | |
| Classification number | 001.4/2 |
| Edition number | 23 |
| 100 1# - MAIN ENTRY--PERSONAL NAME | |
| Personal name | Davies, Martin, |
| Dates associated with a name | 1936- |
| 245 10 - TITLE STATEMENT | |
| Title | Doing a successful research project : |
| Remainder of title | using qualitative or quantitative methods / |
| Statement of responsibility, etc. | Martin Davies and Nathan Hughes. |
| 250 ## - EDITION STATEMENT | |
| Edition statement | Second Edition |
| 264 #1 - PRODUCTION, PUBLICATION, DISTRIBUTION, MANUFACTURE, AND COPYRIGHT NOTICE | |
| Place of production, publication, distribution, manufacture | Houndmills, Basingstoke, Hampshire ; |
| -- | New York : |
| Name of producer, publisher, distributor, manufacturer | Palgrave Macmillan, |
| Date of production, publication, distribution, manufacture, or copyright notice | 2014. |
| 300 ## - PHYSICAL DESCRIPTION | |
| Extent | x, 278 pages : |
| Other physical details | illustrations ; |
| Dimensions | 22 cm. |
| 336 ## - CONTENT TYPE | |
| Content type term | text |
| Content type code | txt |
| Source | rdacontent |
| 337 ## - MEDIA TYPE | |
| Media type term | unmediated |
| Media type code | n |
| Source | rdamedia |
| 338 ## - CARRIER TYPE | |
| Carrier type term | volume |
| Carrier type code | nc |
| Source | rdacarrier |
| 504 ## - BIBLIOGRAPHY, ETC. NOTE | |
| Bibliography, etc. note | Includes bibliographical references (pages 269-272) and indexes. |
| 505 0# - FORMATTED CONTENTS NOTE | |
| Formatted contents note | Preface -- Acknowledgements -- Planning your research project -- So you're going to do a research project -- Let's make a start -- Preparing for a successful research project -- Quantitative research -- The principles of sampling -- Carrying out your survey -- Questionnaires -- The art and science of survey interviewing -- Analysing your survey data -- Testing for statistical significance : into more complex territory -- A quantitative researcher's briefing sheet -- Qualitative research -- Studying a small sample -- Qualitative research interviewing -- There is more to qualitative research than interviewing -- Analysing qualitative data -- A qualitative researcher's briefing sheet -- The last lap -- Writing your report -- Bibliography -- Name index -- Subject index. |
| 650 #0 - SUBJECT ADDED ENTRY--TOPICAL TERM | |
| Topical term or geographic name entry element | Social sciences |
| General subdivision | Research. |
| 650 #0 - SUBJECT ADDED ENTRY--TOPICAL TERM | |
| Topical term or geographic name entry element | Qualitative research. |
| 700 1# - ADDED ENTRY--PERSONAL NAME | |
| Personal name | Hughes, Nathan, |
| Dates associated with a name | 1978- |
| 906 ## - LOCAL DATA ELEMENT F, LDF (RLIN) | |
| a | 7 |
| b | cbc |
| c | orignew |
| d | 1 |
| e | ecip |
| f | 20 |
| g | y-gencatlg |
| 942 ## - ADDED ENTRY ELEMENTS (KOHA) | |
| Source of classification or shelving scheme | |
| Koha item type | Book |
| Withdrawn status | Lost status | Source of classification or shelving scheme | Damaged status | Not for loan | Collection code | Permanent Location | Current Location | Shelving location | Date acquired | Total Checkouts | Full call number | Barcode | Date last seen | Date last checked out | Price effective from | Koha item type |
|---|---|---|---|---|---|---|---|---|---|---|---|---|---|---|---|---|
| Computer Science | Central Library (CL) | Central Library (CL) | First Floor - Computer Science | 01/21/2017 | 1 | 001.4/2 DAV | S3H-S-876 | 06/19/2025 | 10/30/2024 | 01/21/2017 | Book |
